Online Catalogue and eLibrary

Women Images (Record no. 3090)

MARC details
000 -LEADER
fixed length control field 00482nam a2200205Ia 4500
005 - DATE AND TIME OF LATEST TRANSACTION
control field 20240826060535.0
008 - FIXED-LENGTH DATA ELEMENTS--GENERAL INFORMATION
fixed length control field 240331s9999 xx 000 0 und d
020 ## - INTERNATIONAL STANDARD BOOK NUMBER
ISBN 8170333069
082 ## - DDC Classification
Item Number - Author Mark WOM
Class No. 800
245 #0 - TITLE STATEMENT
Title Women Images
260 ## - PUBLICATION, DISTRIBUTION, ETC.
Place of publication, distribution, etc. Jaipur
Name of publisher, distributor, etc. Rawat Publication
Date of publication, distribution, etc. 1996
300 ## - PHYSICAL DESCRIPTION
Extent (e.g. Volumes, Pages etc.) 293 p .,
650 ## - SUBJECT ADDED ENTRY--TOPICAL TERM
Topical term or geographic name entry element Woman
650 ## - SUBJECT ADDED ENTRY--TOPICAL TERM
Topical term or geographic name entry element Human Evolution
650 ## - SUBJECT ADDED ENTRY--TOPICAL TERM
Topical term or geographic name entry element Social
650 ## - SUBJECT ADDED ENTRY--TOPICAL TERM
Topical term or geographic name entry element Cultural
700 ## - ADDED ENTRY--PERSONAL NAME
Personal name Jain, Pratibha .
Relator term (Role) Editor
700 ## - ADDED ENTRY--PERSONAL NAME
Personal name Mahan, Rajan
Relator term (Role) Editor
942 ## - Koha item type (Biblio)
Koha item type Books in Stacks (Lending)
Holdings
Lost status Damaged status Collection code Home library Current library Shelving location Date acquired Full call number Accession Number Item type
    Lending WERC Library WERC Library Social Science Cupboard 03/31/2024 800 WOM 2117 Books in Stacks (Lending)

© WERC Library